Príspevkové organizácie, ich hospodárenie, zdaňovanie, zúčtovanie so štátnym rozpočtom, rozpočtová disciplína
Hospodárenie príspevkových organizácií, zdaňovanie príjmov, zúčtovanie finančných vzťahov so štátnym rozpočtom. Porušenie rozpočtovej disciplíny.
Gespeichert in:
| 1. Verfasser: | |
|---|---|
| Format: | Buchkapitel |
| Sprache: | Slowakisch |
| Schlagworte: | |
| Tags: |
Keine Tags, Fügen Sie das erste Tag hinzu!
|
MARC
| LEADER | 00000naa a2200000 4500 | ||
|---|---|---|---|
| 001 | r048829 | ||
| 005 | 20230927071533.9 | ||
| 041 | 0 | |a slo | |
| 044 | |a SK | ||
| 245 | 1 | 0 | |a Príspevkové organizácie, ich hospodárenie, zdaňovanie, zúčtovanie so štátnym rozpočtom, rozpočtová disciplína |c Iveta Harušťáková |
| 520 | |a Hospodárenie príspevkových organizácií, zdaňovanie príjmov, zúčtovanie finančných vzťahov so štátnym rozpočtom. Porušenie rozpočtovej disciplíny. | ||
| 610 | 2 | 0 | |a organizácie príspevkové |
| 610 | 2 | 0 | |a hospodárenie finančné |
| 610 | 2 | 0 | |a hospodárenie podnikové |
| 610 | 2 | 0 | |a zdaňovanie |
| 610 | 2 | 0 | |a príjmy |
| 610 | 2 | 0 | |a rozpočet štátny |
| 610 | 2 | 0 | |a zúčtovanie |
| 100 | 1 | |a Harušťáková, Iveta | |